[Event "SZCZYRK OPEN - TURNIEJ Z OKAZJI SWIETA NIEPODLEGLOSCI - BLITZ 3'+2'' "]
[Site "Szczyrk"]
[Date "2018-11-11"]
[Round "9.43"]
[White "Starosciak, Szymon "]
[Black "Smolen, Sebastian"]
[Result "1-0"]
[WhiteTitle ""]
[BlackTitle ""]
[WhiteElo "1233"]
[BlackElo "1411"]

1. e4 e6 2. d4 d5 3. Nd2 Nf6 4. e5 Nfd7 5. Bd3 c5 6. c3 Nc6 7. Ne2 Qb6 8. Nf3 cxd4
9. cxd4 Be7 10. O-O Qc7 11. a3 Nb6 12. Ng3 Bd7 13. Be3 Nc4 14. Bxc4 dxc4 15. Rc1
b5 16. a4 a6 17. axb5 axb5 18. Qe2 Nb4 19. b3 Nd3 20. Qxd3 Qb7 21. bxc4 bxc4 22.
Qxc4 Bb5 23. Qb3 Ra3 24. Rc8+ Qxc8 25. Qxb5+ Qd7 26. Qxd7+ Kxd7 27. Rb1 Rc8 28.
Ne4 Rc7 29. h3 h6 30. Kh2 Rca7 31. Rc1 Rb7 32. Nc5+ Bxc5 33. Rxc5 Rb2 34. Nd2
Raa2 35. Ne4 Re2 36. Rb5 Kc6 37. Rb8 Kd5 38. Nc3+ Kc4 39. Nxe2 Rxe2 40. Rb7 f5
41. exf6 gxf6 42. Rh7 f5 43. Rxh6 Kd3 44. Rxe6 f4 45. d5 Kc4 46. Bxf4 Rxf2 47.
Bg3 Rd2 48. d6 Kc5 49. Re7 Kc6 50. Rc7+ Kb6 51. Rc8 Kb7 52. Rh8 Kc6 53. h4 Rd5
54. h5 Rg5 55. h6 Rh5+ 56. Kg1 Kd7 57. h7 Rh6 58. Ra8 Rxh7 59. Ra7+ Kd8 60. Rxh7
Ke8 61. d7+ Kd8 62. Bh4+ Kc7 63. d8=Q+ 1-0

[Event "SZCZYRK OPEN - TURNIEJ Z OKAZJI SWIETA NIEPODLEGLOSCI - BLITZ 3'+2'' "]
[Site "Szczyrk"]
[Date "2018-11-11"]
[Round "9.44"]
[White "Malik, Maciej"]
[Black "Karut, Kacper"]
[Result "1/2-1/2"]
[WhiteTitle ""]
[BlackTitle ""]
[WhiteElo "1407"]
[BlackElo "1238"]

1. d4 Nf6 2. b3 g6 3. Bb2 Bg7 4. e3 d6 5. Nf3 O-O 6. Bd3 Nbd7 7. O-O Re8 8. Nbd2
e5 9. dxe5 Nxe5 10. Nxe5 dxe5 11. Ne4 Nxe4 12. Bxe4 f5 13. Bd5+ Kh8 14. Bc4 c6
15. Qxd8 Rxd8 16. Rfd1 Re8 17. Rd2 b5 18. Be2 Be6 19. Rad1 Bd5 20. c4 bxc4 21.
bxc4 Bg8 22. Rd7 Rab8 23. Ba1 a5 24. f4 Be6 25. Rc7 Rbc8 26. Ra7 Ra8 27. Rxa8
Rxa8 28. fxe5 Rb8 29. Bc3 a4 30. Rd6 Rb1+ 31. Kf2 Rc1 32. Rxe6 Rxc3 33. Rxc6 Bxe5
34. g3 Ra3 35. Re6 Bc3 36. c5 Rxa2 37. Kf3 a3 38. Bc4 Rb2 39. Ra6 Bb4 40. c6 Bd6
41. Bd5 Rxh2 42. c7 Bxc7 43. Rxa3 Rh3 44. Ra8+ Kg7 45. Ra7 Rxg3+ 46. Kf2 Kf6 47.
Rxc7 Rg4 48. Rxh7 Ke5 49. Bf3 Ra4 50. Rg7 Kf6 51. Rb7 Ra2+ 52. Kg3 Ra3 53. Rb6+
Kg5 54. Kf2 Ra2+ 55. Ke1 Ra3 56. Kf2 1/2-1/2

[Event "SZCZYRK OPEN - TURNIEJ Z OKAZJI SWIETA NIEPODLEGLOSCI - BLITZ 3'+2'' "]
[Site "Szczyrk"]
[Date "2018-11-11"]
[Round "9.45"]
[White "Reszka, Zofia"]
[Black "Jaworski, Tymon"]
[Result "0-1"]
[WhiteTitle ""]
[BlackTitle ""]
[WhiteElo "1219"]
[BlackElo "1372"]

1. e4 c5 2. Nf3 d6 3. d4 cxd4 4. Nxd4 Nf6 5. Nc3 a6 6. Bd3 e5 7. Nf3 Bg4 8. O-O
Nc6 9. Be3 g6 10. h3 Bxf3 11. Qxf3 Bg7 12. Rfe1 O-O 13. Bc4 b5 14. Bb3 Qc7 15.
Rac1 Na5 16. Nd5 Nxd5 17. Bxd5 Rac8 18. Qe2 Nc4 19. Bxc4 Qxc4 20. Qxc4 Rxc4 21.
f3 Rfc8 22. Re2 Bf8 23. Rd2 f5 24. exf5 gxf5 25. Bf2 Bh6 26. Rdd1 Bxc1 27. Rxc1
Rxc2 28. Rd1 R8c6 29. Rb1 Kf7 30. Kf1 Rc1+ 31. Rxc1 Rxc1+ 32. Be1 Rc2 33. Bc3
Ke6 34. a3 a5 35. g4 fxg4 36. hxg4 b4 37. axb4 axb4 38. Bxb4 Rxb2 39. Be1 Ra2
40. Bg3 d5 41. Ke1 d4 42. Kd1 d3 43. Be1 Kd5 44. Bd2 Rxd2+ 45. Kxd2 Kd4 46. g5
Kc4 47. g6 hxg6 48. Kd1 Kc3 49. Kc1 Kd4 50. Kd2 Kc4 51. Kc1 Kd5 52. Kd1 g5 53.
Kc1 e4 54. fxe4+ Kxe4 55. Kd2 g4 56. Ke1 g3 57. Kf1 Kf3 58. Ke1 g2 59. Kd2 Ke4
60. Ke1 g1=Q+ 61. Kd2 Qd4 62. Kd1 d2 63. Ke2 d1=Q# 0-1

[Event "SZCZYRK OPEN - TURNIEJ Z OKAZJI SWIETA NIEPODLEGLOSCI - BLITZ 3'+2'' "]
[Site "Szczyrk"]
[Date "2018-11-11"]
[Round "9.46"]
[White "Kucza, Kamil "]
[Black "Wydmanski, Robert"]
[Result "1-0"]
[WhiteTitle ""]
[BlackTitle ""]
[WhiteElo "1200"]
[BlackElo "1345"]

1. e4 c5 2. c4 d6 3. d3 Nc6 4. Nf3 Bg4 5. Be2 Nf6 6. O-O e6 7. h3 Bxf3 8. Bxf3
Be7 9. Nc3 Nd4 10. Be3 Nxf3+ 11. Qxf3 Rb8 12. b3 Qa5 13. Bd2 Qc7 14. Rfe1 O-O
15. Rab1 b6 16. Be3 Rfd8 17. Nb5 Qd7 18. Bf4 a6 19. Nc3 e5 20. Be3 b5 21. Red1
b4 22. Ne2 a5 23. Bg5 h6 24. Bxf6 Bxf6 25. Ng3 Ra8 26. Qf5 Qxf5 27. Nxf5 a4 28.
g3 axb3 29. axb3 Ra2 30. f4 exf4 31. gxf4 h5 32. d4 Kh7 33. dxc5 dxc5 34. Rxd8
Bxd8 35. e5 g6 36. Nd6 f5 37. Nb7 Be7 38. Rd1 Kh6 39. Rd7 Bh4 40. Nxc5 Ra1+ 41.
Kg2 Ra2+ 42. Kf1 Ra1+ 43. Ke2 Ra2+ 44. Kd3 Rh2 45. Ne6 Rxh3+ 46. Kd4 Rxb3 47.
Nf8 Rb1 48. Rc7 Rb3 49. Rc6 g5 50. Rc7 1-0

[Event "SZCZYRK OPEN - TURNIEJ Z OKAZJI SWIETA NIEPODLEGLOSCI - BLITZ 3'+2'' "]
[Site "Szczyrk"]
[Date "2018-11-11"]
[Round "9.47"]
[White "Rzasa, Dominik "]
[Black "Turowski, Maciej "]
[Result "0-1"]
[WhiteTitle ""]
[BlackTitle ""]
[WhiteElo "1159"]
[BlackElo "1322"]

1. e4 Nf6 2. e5 Nd5 3. c4 Nb6 4. d4 d6 5. exd6 cxd6 6. Nc3 Nc6 7. d5 Ne5 8. Nf3
Nbxc4 9. Bxc4 Nxc4 10. Qa4+ Bd7 11. Qxc4 g6 12. Qd4 f6 13. O-O Bg7 14. Bd2 O-O
15. Rfe1 Re8 16. h3 a6 17. Qd3 Rc8 18. Nd4 Rc5 19. Ne6 Bxe6 20. dxe6 b5 21. Rac1
Qa8 22. Ne4 Rd5 23. Qf3 f5 24. Nc3 Rxd2 25. Qxa8 Rxa8 26. Re2 Bxc3 27. Rxd2 Bxd2
28. Rc7 Re8 29. Ra7 a5 30. Rb7 Kg7 31. Rxb5 Kf6 32. a3 Kxe6 33. b4 axb4 34. axb4
Ra8 35. Kf1 Ra2 36. Rb8 Rb2 37. b5 h6 38. b6 Kd7 39. Rb7+ Kc6 40. Rxe7 Rxb6 41.
Re6 Rb1+ 42. Ke2 Re1+ 43. Kf3 Rxe6 44. g3 Kd5 45. Kg2 Re2 46. Kf3 Re1 47. Kg2
Ke4 0-1

[Event "SZCZYRK OPEN - TURNIEJ Z OKAZJI SWIETA NIEPODLEGLOSCI - BLITZ 3'+2'' "]
[Site "Szczyrk"]
[Date "2018-11-11"]
[Round "9.48"]
[White "Polakiewicz, Blanka"]
[Black "Ignatowski, Nikodem"]
[Result "1-0"]
[WhiteTitle ""]
[BlackTitle ""]
[WhiteElo "1134"]
[BlackElo "1316"]

1. e4 c5 2. Nf3 Nc6 3. d4 cxd4 4. Nxd4 g6 5. Be3 Bg7 6. Bc4 Nf6 7. O-O O-O 8. Nc3
d6 9. Nxc6 bxc6 10. Qd2 Bb7 11. Rad1 c5 12. Nd5 Nxe4 13. Qd3 Nf6 14. Nxf6+ Bxf6
15. b3 Qc7 16. Rfe1 Rad8 17. Rd2 e6 18. Rde2 d5 19. Bb5 e5 20. Ba6 e4 21. Qb5
Bc6 22. Qxc5 d4 23. Bd2 Rd5 24. Ba5 Qxa5 25. Qxc6 Rc5 26. Qxf6 Rf5 27. Qxd4 Qxa6
28. Rxe4 Qc6 29. c3 Rc8 30. Qc4 Qd7 31. Qd4 Qb7 32. Qb4 Qd7 33. Qd4 Qb7 34. Re8+
Rxe8 35. Rxe8# 1-0

[Event "SZCZYRK OPEN - TURNIEJ Z OKAZJI SWIETA NIEPODLEGLOSCI - BLITZ 3'+2'' "]
[Site "Szczyrk"]
[Date "2018-11-11"]
[Round "9.49"]
[White "Waszkowska, Sandra "]
[Black "Wolski, Michal "]
[Result "0-1"]
[WhiteTitle ""]
[BlackTitle ""]
[WhiteElo "1177"]
[BlackElo "1311"]

1. d4 Nf6 2. Bg5 g6 3. Bxf6 exf6 4. e3 Bg7 5. Nf3 f5 6. Bc4 d5 7. Bd3 Nd7 8. Qe2
a6 9. Nc3 c5 10. Nxd5 cxd4 11. exd4+ Kf8 12. Nc3 Nb6 13. Qe3 Be6 14. Ne2 Nd5 15.
Qd2 Qe7 16. c3 Re8 17. O-O h5 18. Nf4 Bh6 19. Nxe6+ fxe6 20. Qe2 Nf4 21. Qc2 Nxd3
22. Qxd3 0-1

[Event "SZCZYRK OPEN - TURNIEJ Z OKAZJI SWIETA NIEPODLEGLOSCI - BLITZ 3'+2'' "]
[Site "Szczyrk"]
[Date "2018-11-11"]
[Round "9.50"]
[White "Kazmierowski, Tymon"]
[Black "Kaznowska, Weronika"]
[Result "1-0"]
[WhiteTitle ""]
[BlackTitle ""]
[WhiteElo "1306"]
[BlackElo "1199"]

1. e4 e5 2. Nf3 Nc6 3. Bc4 Bc5 4. O-O Nf6 5. d4 exd4 6. e5 Ng8 7. Ng5 Nh6 8. Qh5
O-O 9. Nxh7 Kxh7 10. Bd3+ Kg8 11. Bxh6 f5 12. exf6 Qxf6 13. Bc4+ d5 14. Bxd5+
Be6 15. Bxe6+ Qxe6 16. Bxg7 Kxg7 17. Qxc5 Rf5 18. Qa3 Qh6 19. Qg3+ Kh8 20. Nd2
Rg8 21. Qd3 Rfg5 22. g3 Rh5 23. Nf3 Rf8 24. h4 Qf6 25. Ng5 Rh6 26. Rae1 Rg6 1-0

[Event "SZCZYRK OPEN - TURNIEJ Z OKAZJI SWIETA NIEPODLEGLOSCI - BLITZ 3'+2'' "]
[Site "Szczyrk"]
[Date "2018-11-11"]
[Round "9.52"]
[White "Mika, Adrian "]
[Black "Gromek, Pawel"]
[Result "0-1"]
[WhiteTitle ""]
[BlackTitle ""]
[WhiteElo "1177"]
[BlackElo "1300"]

1. e4 e6 2. d4 d5 3. e5 c5 4. Nf3 Qb6 5. Nc3 cxd4 6. Nxd4 Bc5 7. Be3 Qxb2 8. Ncb5
Bb6 9. Be2 Bd7 10. Nd6+ Kf8 11. Nxb7 Qb4+ 12. Kf1 Nc6 13. Nxc6 Bxc6 14. Bxb6 Qxb6
15. Rb1 Qc7 16. Nd6 Ne7 17. Bd3 Nc8 18. Nxc8 Rxc8 19. Qd2 Qxe5 20. Re1 Qd6 21.
h4 g6 22. Rh3 Kg7 23. h5 Rhf8 24. Qc3+ f6 25. hxg6 hxg6 26. Rg3 g5 27. Qd2 e5
28. Qe2 e4 29. Ba6 Rce8 30. Qh5 Rh8 31. Qg4 Kf7 32. c4 Rh4 33. Qe2 d4 34. c5 Qxc5
35. Bc4+ Bd5 36. Bxd5+ Qxd5 37. Rb1 Re7 38. Rgb3 Rh1# 0-1

[Event "SZCZYRK OPEN - TURNIEJ Z OKAZJI SWIETA NIEPODLEGLOSCI - BLITZ 3'+2'' "]
[Site "Szczyrk"]
[Date "2018-11-11"]
[Round "9.53"]
[White "Plichta, Olga"]
[Black "Guzik, Wojciech"]
[Result "1/2-1/2"]
[WhiteTitle ""]
[BlackTitle ""]
[WhiteElo "1300"]
[BlackElo "1224"]

1. e4 c5 2. Nc3 e6 3. f4 d6 4. d3 Nc6 5. Nf3 Be7 6. g3 Nf6 7. Bg2 a6 8. a3 b5 9.
Bd2 Bb7 10. e5 Nd5 11. exd6 Qxd6 12. Nxd5 exd5 13. O-O O-O 14. Re1 Bf6 15. Rb1
Rae8 16. b4 Rxe1+ 17. Qxe1 c4 18. dxc4 dxc4 19. Bc3 Bxc3 20. Qxc3 Qc7 21. Re1
Rd8 22. Nh4 Nd4 23. Qe3 h6 24. Qf2 Bxg2 25. Nxg2 Qd6 26. Rd1 Qf6 27. c3 Ne6 28.
Rxd8+ Qxd8 29. Qe2 Qd3 30. Qe1 Qd5 31. Kh1 Kh8 32. Qe2 Qd3 33. Qe1 Qd6 34. Qe2
1/2-1/2

[Event "SZCZYRK OPEN - TURNIEJ Z OKAZJI SWIETA NIEPODLEGLOSCI - BLITZ 3'+2'' "]
[Site "Szczyrk"]
[Date "2018-11-11"]
[Round "9.54"]
[White "Wozniak, Mateusz "]
[Black "Sulkowski, Dawid "]
[Result "1-0"]
[WhiteTitle ""]
[BlackTitle ""]
[WhiteElo "1106"]
[BlackElo "1295"]

1. d4 d5 2. c4 e6 3. Nc3 Nf6 4. Bg5 Be7 5. e3 Nbd7 6. cxd5 exd5 7. Bd3 h6 8. Bh4
O-O 9. Nf3 c6 10. O-O Re8 11. Qc2 Qb6 12. Rac1 Nf8 13. Rfd1 Bg4 14. Qe2 Ne6 15.
h3 Bxf3 16. Qxf3 Qxb2 17. Rc2 Qb6 18. Rb1 Qc7 19. Qf5 a6 20. Nxd5 Qd8 21. Bxf6
Bxf6 22. Qh7+ 1-0

[Event "SZCZYRK OPEN - TURNIEJ Z OKAZJI SWIETA NIEPODLEGLOSCI - BLITZ 3'+2'' "]
[Site "Szczyrk"]
[Date "2018-11-11"]
[Round "9.55"]
[White "Grzadka, Artur "]
[Black "Filipek, Justyna "]
[Result "1-0"]
[WhiteTitle ""]
[BlackTitle ""]
[WhiteElo "1287"]
[BlackElo "1160"]

1. d4 d5 2. c4 dxc4 3. e4 Nf6 4. Nc3 e6 5. Bxc4 Nc6 6. d5 exd5 7. exd5 Ne5 8. Bb5+
Bd7 9. Bxd7+ Qxd7 10. Qe2 Qe7 11. Bf4 Ng6 12. Qxe7+ Bxe7 13. Bxc7 Rc8 14. d6 Bd8
15. Bxd8 Rxd8 16. Rd1 O-O 17. Nf3 Rfe8+ 18. Kf1 Ne4 19. Nxe4 Rxe4 20. g3 Re6 21.
Kg2 Rexd6 22. Rxd6 Rxd6 23. Rc1 h6 24. Rc7 Rb6 25. Rc8+ Kh7 26. b3 a6 27. Rc7
Kg8 28. h4 f6 29. Rc8+ Kf7 30. Rc7+ Kg8 31. Kh3 Nf8 32. Re7 Ng6 33. Rc7 Ne5 34.
Nxe5 fxe5 35. Re7 Rb5 36. Kg4 Kf8 37. Re6 Kf7 38. Kf5 e4+ 39. Re5 Rb4 40. Rxe4
Rxe4 41. Kxe4 Ke6 42. f4 g6 43. g4 b5 44. b4 Kd6 45. Kd4 Kc6 46. Ke5 Kd7 47. Kd5
Ke7 48. Kc6 Ke6 49. Kb6 Kd5 50. Kxa6 Ke4 51. Kxb5 Kxf4 52. a4 Kxg4 53. a5 Kxh4
54. a6 g5 55. a7 g4 56. a8=Q h5 57. Qa2 g3 58. Qg2 Kg4 59. Kc4 Kf4 60. Kd4 h4
61. Qe4+ Kg5 62. Qg2 Kg4 63. Ke4 h3 64. Qf3+ Kh4 65. Qf4+ 1-0

[Event "SZCZYRK OPEN - TURNIEJ Z OKAZJI SWIETA NIEPODLEGLOSCI - BLITZ 3'+2'' "]
[Site "Szczyrk"]
[Date "2018-11-11"]
[Round "9.56"]
[White "Karwot, Marek"]
[Black "Kubaszewski, Piotr "]
[Result "0-1"]
[WhiteTitle ""]
[BlackTitle ""]
[WhiteElo "1078"]
[BlackElo "1278"]

1. e4 c5 2. Nf3 d6 3. Bb5+ Bd7 4. Bxd7+ Qxd7 5. d4 cxd4 6. Qxd4 Nc6 7. Qa4 g6 8.
c4 Bg7 9. Be3 Bxb2 10. O-O Bxa1 11. Nbd2 Bg7 12. Rb1 Nf6 13. Nd4 O-O 14. Nxc6
Qxc6 15. Qxc6 bxc6 16. Rb7 Rfe8 17. Bxa7 c5 18. a4 Nh5 19. a5 Bc3 20. Nb3 Nf4
21. Bb6 Nd3 22. Bc7 Ne5 0-1

[Event "SZCZYRK OPEN - TURNIEJ Z OKAZJI SWIETA NIEPODLEGLOSCI - BLITZ 3'+2'' "]
[Site "Szczyrk"]
[Date "2018-11-11"]
[Round "9.57"]
[White "Jozefczyk, Szymon"]
[Black "Nagly, Wojciech"]
[Result "1-0"]
[WhiteTitle ""]
[BlackTitle ""]
[WhiteElo "1274"]
[BlackElo "1167"]

1. d4 d5 2. Nc3 c5 3. Bf4 e6 4. e3 a6 5. f3 Nf6 6. Nge2 Be7 7. Qd2 Nc6 8. O-O-O
Bd7 9. g4 b5 10. dxc5 Bxc5 11. e4 dxe4 12. fxe4 Bb4 13. Qe3 Nxg4 14. Qg3 e5 15.
Bd2 Bc5 16. Nd5 g6 17. Bh3 Nf2 18. Bxd7+ Kxd7 19. Bg5 Qa5 20. Nf6+ Kc7 21. Rd7+
Kb8 22. Rf1 Qxa2 23. Rxf2 Bxf2 24. Qxf2 Qa1+ 25. Kd2 Qa5+ 26. c3 h6 27. Be3 Rd8
28. Rxd8+ Qxd8+ 29. Kc2 b4 30. Bb6 Qe7 31. Bc5 Qd8 32. cxb4 Nd4+ 33. Nxd4 exd4
34. Bxd4 Qc7+ 35. Kb1 Qb7 36. Qf4+ Kc8 37. Qd6 Qc7 38. Qxc7+ Kxc7 39. Kc2 Rd8
40. Kd3 Rd7 41. Ke3 Re7 42. Nd5+ Kd7 43. Nxe7 Kxe7 44. Kf4 Ke6 45. h4 f6 46. b3
g5+ 47. hxg5 fxg5+ 48. Kg4 Kf7 49. e5 Ke6 50. Bc3 Kf7 51. Kh5 Kg7 52. e6+ Kf8
53. Bf6 Ke8 54. Kxh6 g4 55. Bh4 Kf8 56. Kg6 g3 57. Bxg3 Ke7 58. Kf5 Ke8 59. Kf6
Kf8 60. Bd6+ Ke8 61. e7 Kd7 62. Kf7 Kxd6 63. e8=Q Kc7 64. Qe6 Kb7 65. Ke7 Ka7
66. Kd7 Kb8 67. Kc6 a5 68. Qd7 axb4 69. Qb7# 1-0

[Event "SZCZYRK OPEN - TURNIEJ Z OKAZJI SWIETA NIEPODLEGLOSCI - BLITZ 3'+2'' "]
[Site "Szczyrk"]
[Date "2018-11-11"]
[Round "9.58"]
[White "Gibas, Aleksander"]
[Black "Majdecka, Nikola "]
[Result "1-0"]
[WhiteTitle ""]
[BlackTitle ""]
[WhiteElo "1032"]
[BlackElo "1267"]

1. e4 e5 2. Nf3 Nc6 3. Bc4 Nf6 4. Ng5 d5 5. exd5 Nxd5 6. Bxd5 Qxg5 7. Bxc6+ bxc6
8. O-O Bc5 9. d4 Bxd4 10. Bxg5 O-O 11. c3 Bb6 12. Re1 f6 13. Qb3+ Kh8 14. Bh4
Bf5 15. Nd2 Rad8 16. Nf3 Bg4 17. c4 Bxf3 18. Qxf3 Rd2 19. b3 Rb2 20. Rxe5 Rd8
21. Bxf6 gxf6 22. Qxf6+ Kg8 23. Rg5# 1-0

[Event "SZCZYRK OPEN - TURNIEJ Z OKAZJI SWIETA NIEPODLEGLOSCI - BLITZ 3'+2'' "]
[Site "Szczyrk"]
[Date "2018-11-11"]
[Round "9.59"]
[White "Lewicka, Joanna"]
[Black "Banaczyk, Piotr"]
[Result "0-1"]
[WhiteTitle ""]
[BlackTitle ""]
[WhiteElo "1260"]
[BlackElo "1125"]

1. e4 e6 2. d4 d5 3. exd5 exd5 4. Bd3 Bd6 5. Ne2 Ne7 6. O-O O-O 7. Nbc3 c6 8. Bg5
h6 9. Bh4 Bg4 10. f3 Be6 11. Ng3 g5 12. Bxg5 hxg5 13. Qd2 Bxg3 14. Qxg5+ Ng6 15.
Qxg3 Kg7 16. f4 Qh4 17. Qxh4 Nxh4 18. g3 Nf5 19. Kh1 Na6 20. Rg1 Nb4 21. g4 Ne7
22. Bf5 Bxf5 23. gxf5+ Kh8 24. f6 Nf5 25. Rg5 Nh6 26. Rh5 Kh7 27. Rg1 Rg8 28.
Rgg5 Rxg5 29. fxg5 Rh8 30. Rxh6+ Kg8 31. Rxh8+ Kxh8 32. Kg2 Nxc2 33. Kg3 Nxd4
34. Kf4 Ne6+ 35. Kg4 d4 36. Ne4 d3 37. Kf3 0-1

[Event "SZCZYRK OPEN - TURNIEJ Z OKAZJI SWIETA NIEPODLEGLOSCI - BLITZ 3'+2'' "]
[Site "Szczyrk"]
[Date "2018-11-11"]
[Round "9.60"]
[White "Zaborski, Igor "]
[Black "Zablocka, Marta"]
[Result "1-0"]
[WhiteTitle ""]
[BlackTitle ""]
[WhiteElo "1255"]
[BlackElo "1153"]

1. d4 Nf6 2. c4 e6 3. Nc3 Bb4 4. f3 O-O 5. e4 c5 6. d5 exd5 7. cxd5 d6 8. a3 Bxc3+
9. bxc3 Qa5 10. Qc2 Bd7 11. Nh3 Ba4 12. Qb2 Nbd7 13. Nf4 Ne5 14. Bd2 Qc7 15. Rb1
b6 16. Nd3 Nxd3+ 17. Bxd3 Nd7 18. Bf4 f6 19. O-O Ne5 20. Bb5 Bxb5 21. Qxb5 Rab8
22. Qe2 c4 23. Bxe5 fxe5 24. Rb4 b5 25. a4 a6 26. Rfb1 Qc5+ 27. Kf1 Rb7 28. Qf2
Qxf2+ 29. Kxf2 Rfb8 30. g3 Kf8 31. f4 exf4 32. gxf4 Ke7 33. e5 Rf8 34. Ke3 Kd7
35. e6+ Kc7 36. axb5 axb5 37. Rxb5 Rxb5 38. Rxb5 Rf5 39. Ke4 Rh5 40. Rb4 Rxh2
41. Rxc4+ Kd8 42. Rc6 Re2+ 43. Kd3 Rh2 44. Rxd6+ Ke7 45. Rd7+ Kf6 46. e7 Rh3+
47. Ke4 Rh2 48. Kf3 Rh3+ 49. Kg4 Rxc3 50. e8=Q Rc1 51. Qe6# 1-0

[Event "SZCZYRK OPEN - TURNIEJ Z OKAZJI SWIETA NIEPODLEGLOSCI - BLITZ 3'+2'' "]
[Site "Szczyrk"]
[Date "2018-11-11"]
[Round "9.61"]
[White "Duda, Leon "]
[Black "Bochenek, Ryszard"]
[Result "0-1"]
[WhiteTitle ""]
[BlackTitle ""]
[WhiteElo "1142"]
[BlackElo "1252"]

1. e4 e6 2. d4 d5 3. exd5 exd5 4. Nf3 c6 5. c4 Bd6 6. Nc3 Nf6 7. Bg5 O-O 8. cxd5
cxd5 9. Nxd5 Qa5+ 10. Nc3 Ne4 11. Bd2 Bb4 12. Qc2 Bf5 13. Nxe4 Bxd2+ 14. Nfxd2
Re8 15. Bd3 Nc6 16. Qc3 Qxc3 17. bxc3 Bxe4 18. Nxe4 f5 19. Bc4+ Kh8 20. O-O Rxe4
21. Bd3 Re7 22. Bxf5 Rf8 23. Bd3 Rc7 24. Rac1 Re8 25. h3 a6 26. Rfe1 Rec8 27.
Bf5 Rf8 28. Re3 Nxd4 29. Rce1 Nxf5 30. Re8 Rcf7 31. g4 Nd6 32. R1e7 Nxe8 0-1

[Event "SZCZYRK OPEN - TURNIEJ Z OKAZJI SWIETA NIEPODLEGLOSCI - BLITZ 3'+2'' "]
[Site "Szczyrk"]
[Date "2018-11-11"]
[Round "9.62"]
[White "Jaros, Emilia"]
[Black "Zmuda, Piotr "]
[Result "1-0"]
[WhiteTitle ""]
[BlackTitle ""]
[WhiteElo "1117"]
[BlackElo "1250"]

1. e4 e5 2. Nf3 f5 3. exf5 e4 4. Nd4 Qf6 5. c3 c5 6. Nb3 Qxf5 7. d3 exd3 8. Qxd3
Qxd3 9. Bxd3 Nf6 10. Bf4 Nd5 11. Bg3 Be7 12. O-O Nc6 13. Re1 O-O 14. Bc4 Kh8 15.
Bxd5 Bf6 16. Bxc6 dxc6 17. Nxc5 Bf5 18. Nd2 b6 19. Ne6 Rfe8 20. Nd4 Red8 21. Nxf5
Rxd2 22. b3 Rd3 23. Rac1 Bxc3 24. Re3 Rxe3 25. Nxe3 Bf6 26. Rxc6 Re8 27. h3 Bg5
28. Kh2 Bxe3 29. fxe3 Rxe3 30. Rc8+ 1-0

[Event "SZCZYRK OPEN - TURNIEJ Z OKAZJI SWIETA NIEPODLEGLOSCI - BLITZ 3'+2'' "]
[Site "Szczyrk"]
[Date "2018-11-11"]
[Round "9.63"]
[White "Ochalik, Filip "]
[Black "Mansz, Martyna "]
[Result "1-0"]
[WhiteTitle ""]
[BlackTitle ""]
[WhiteElo "1247"]
[BlackElo "1066"]

1. d4 e5 2. dxe5 f6 3. exf6 Qxf6 4. Nf3 g5 5. Nxg5 Bc5 6. Nf3 Nh6 7. Bxh6 Qxh6
8. Nc3 Nc6 9. e3 d6 10. Bb5 Bd7 11. Nd5 O-O-O 12. Bxc6 Bxc6 13. Ne7+ Kb8 14. Nxc6+
bxc6 15. c3 Ka8 16. b4 Bb6 17. a4 a5 18. bxa5 Bxa5 19. Qd3 Bb6 20. a5 Bc5 21.
a6 Ba7 22. Qe4 d5 23. Qh4 Qxh4 24. Nxh4 c5 25. O-O d4 26. cxd4 cxd4 27. exd4 Bxd4
28. Rad1 Bf6 29. Rxd8+ Rxd8 30. Nf3 Rd6 31. g3 Rxa6 32. Rc1 Kb8 33. Rc4 Ra1+ 34.
Kg2 Kb7 35. Nd4 Bxd4 36. Rxd4 c5 37. Rd7+ Kc6 38. Rxh7 Kb5 39. Kf3 Rd1 40. Ke2
Rd8 41. Ra7 c4 42. Ra1 Kb4 43. f4 c3 44. Rd1 Rxd1 45. Kxd1 Kb3 46. Kc1 Kc4 47.
Kc2 Kd4 48. h3 Kc4 49. g4 Kd5 50. Kxc3 Ke4 51. g5 Kf5 52. h4 Kg6 53. Kd4 Kh5 54.
f5 Kxh4 55. f6 Kxg5 56. f7 1-0

[Event "SZCZYRK OPEN - TURNIEJ Z OKAZJI SWIETA NIEPODLEGLOSCI - BLITZ 3'+2'' "]
[Site "Szczyrk"]
[Date "2018-11-11"]
[Round "9.64"]
[White "Opalka, Marta"]
[Black "Cwiklinski, Jacek"]
[Result "0-1"]
[WhiteTitle ""]
[BlackTitle ""]
[WhiteElo "1107"]
[BlackElo "1245"]

1. e4 d6 2. d4 e6 3. Nf3 g6 4. Nc3 Bg7 5. Be3 d5 6. e5 Nc6 7. Bf4 Nge7 8. Bb5 Bd7
9. Qd3 Nf5 10. O-O-O a6 11. Ba4 b5 12. Bb3 Nb4 13. Qe2 O-O 14. g4 Nh4 15. Bg5
Qc8 16. Bxh4 c5 17. Bf6 c4 18. Bxg7 Kxg7 19. Ng5 cxb3 20. axb3 h6 21. Nf3 a5 22.
h4 a4 23. bxa4 bxa4 24. h5 a3 25. Kb1 axb2 26. Kxb2 Qb7 27. Kc1 Nc6 28. Kd2 Qb4
0-1

[Event "SZCZYRK OPEN - TURNIEJ Z OKAZJI SWIETA NIEPODLEGLOSCI - BLITZ 3'+2'' "]
[Site "Szczyrk"]
[Date "2018-11-11"]
[Round "9.65"]
[White "Gradzki, Artur "]
[Black "Bohdanowicz, Nikola"]
[Result "0-1"]
[WhiteTitle ""]
[BlackTitle ""]
[WhiteElo "1128"]
[BlackElo "1220"]

1. e4 c5 2. Nf3 Nc6 3. d4 cxd4 4. Nxd4 e5 5. Nb5 d6 6. N1c3 a6 7. Na3 b5 8. Nd5
Nf6 9. Bg5 Be7 10. Nxf6+ Bxf6 11. Bxf6 Qxf6 12. Qd5 Bd7 13. f3 O-O 14. O-O-O Qf4+
15. Kb1 Qf6 16. Qxd6 Qxd6 17. Rxd6 Rfd8 18. Be2 Nd4 19. Rd1 Ra7 20. Bd3 b4 21.
Nc4 Rc7 22. Nxe5 Nb5 23. Rxa6 Be8 24. Rb6 Rc5 25. Ng4 Nd4 26. h3 Rdc8 27. Rd2
b3 28. axb3 Ra5 29. Bc4 Rca8 30. Rxd4 Ra1# 0-1

[Event "SZCZYRK OPEN - TURNIEJ Z OKAZJI SWIETA NIEPODLEGLOSCI - BLITZ 3'+2'' "]
[Site "Szczyrk"]
[Date "2018-11-11"]
[Round "9.66"]
[White "Gawlik, Olivier"]
[Black "Rozek, Michal"]
[Result "0-1"]
[WhiteTitle ""]
[BlackTitle ""]
[WhiteElo "1026"]
[BlackElo "1217"]

1. e4 d5 2. exd5 Nf6 3. c4 e6 4. dxe6 Bxe6 5. b3 Bc5 6. Bb2 Nc6 7. Nc3 O-O 8. Qc2
Nd4 9. Qd3 Bf5 10. Qg3 Nc2+ 11. Kd1 Nxa1 12. Bxa1 Bg6 13. Nf3 Bb4 14. Be2 Bxc3
15. Bxc3 Ne4 16. Qh4 Nxc3+ 17. Ke1 Qxh4 18. Nxh4 Rfe8 19. dxc3 Bd3 20. Kd2 Bxe2
21. Re1 Bh5 22. Rxe8+ g6 23. f3+ f5 24. Kc2+ c6 0-1

[Event "SZCZYRK OPEN - TURNIEJ Z OKAZJI SWIETA NIEPODLEGLOSCI - BLITZ 3'+2'' "]
[Site "Szczyrk"]
[Date "2018-11-11"]
[Round "9.68"]
[White "Sprzeczka, Emilia"]
[Black "Komisarski, Jerzy"]
[Result "0-1"]
[WhiteTitle ""]
[BlackTitle ""]
[WhiteElo "1107"]
[BlackElo "1208"]

1. e4 c6 2. d4 d5 3. Nc3 dxe4 4. Nxe4 Bf5 5. Ng3 Bg6 6. Nf3 Nd7 7. Bc4 e6 8. O-O
Qc7 9. c3 Ngf6 10. Bg5 Be7 11. h3 O-O 12. Re1 Nb6 13. Bxf6 Bxf6 14. Bd3 Bxd3 15.
Qxd3 Rfd8 16. Qc2 Nd5 17. Ne5 Bxe5 18. dxe5 Rd7 19. Rad1 Rad8 20. c4 Nb6 21. Rxd7
Qxd7 22. c5 Nd5 23. Rd1 Qc7 24. Qe4 Qa5 25. Qc4 Ne7 26. Rxd8+ Qxd8 27. Qc2 Qd4
28. Qc3 Qd1+ 29. Kh2 Nd5 30. Qf3 Qd4 31. Qe2 Qxc5 32. Ne4 Qd4 33. Nd6 Nf4 34.
Qf3 Qxe5 35. Nc4 Qc7 36. g3 Nd5 37. Qe4 Qd7 38. Ne5 Qd8 39. Qd4 f6 40. Nf3 Kf7
41. h4 Ke7 42. Qc5+ Qd6 43. Qxd6+ Kxd6 44. Nd4 e5 45. Nf5+ Kc5 46. Nxg7 Kc4 47.
Nf5 Kd3 48. Ne3 Nxe3 49. fxe3 Kxe3 50. Kg2 Ke2 51. Kg1 b5 52. Kg2 c5 53. g4 c4
54. Kg3 b4 55. g5 fxg5 56. hxg5 c3 57. bxc3 bxc3 58. Kh4 c2 59. Kh5 c1=Q 60. Kh6
Qxg5+ 61. Kxg5 e4 62. Kf4 e3 63. Ke4 Kf2 64. Kd4 e2 65. Kc5 e1=Q 66. Kc6 Qe5 67.
a4 Ke3 68. Kb7 Qd6 69. a5 Kd4 70. Kxa7 Kc5 71. Kb7 Qc6+ 72. Ka7 Kb5 73. a6 Qxa6+
74. Kb8 Qg6 75. Kc7 Qf6 76. Kd7 Kc5 77. Kc7 Qe7+ 78. Kb8 Kc6 79. Ka8 Qb7# 0-1

[Event "SZCZYRK OPEN - TURNIEJ Z OKAZJI SWIETA NIEPODLEGLOSCI - BLITZ 3'+2'' "]
[Site "Szczyrk"]
[Date "2018-11-11"]
[Round "9.69"]
[White "Rylski, Tadeusz"]
[Black "Strzoda, Szymon"]
[Result "0-1"]
[WhiteTitle ""]
[BlackTitle ""]
[WhiteElo "1098"]
[BlackElo "1190"]

1. d4 e6 2. c4 Nf6 3. Nc3 d5 4. cxd5 exd5 5. Bg5 Nbd7 6. Nxd5 Nxd5 7. Bxd8 Bb4+
8. Qd2 Bxd2+ 9. Kxd2 Kxd8 10. e4 N5b6 11. a4 Nf6 12. f3 Re8 13. g4 Ke7 14. g5
Nfd7 15. a5 Kf8 16. axb6 Nxb6 17. Nh3 Bxh3 18. Bxh3 Nc4+ 19. Kc3 Nb6 20. Rad1
Rad8 21. Rhe1 Na4+ 22. Kb3 Nb6 23. d5 Rd6 24. Rc1 Na8 25. Rc5 b6 26. Rc3 Rxd5
27. exd5 Rxe1 28. Bc8 b5 29. Bb7 Nb6 30. Rxc7 Re3+ 31. Rc3 Re5 32. d6 Nc4 33.
d7 Ke7 34. Bc8 Kd8 35. f4 Re4 36. f5 Re5 0-1